000 00341nam a22001457a 4500
008 180214b xxu||||| |||| 00| 0 eng d
020 _a9780470840306
041 _aeng
080 _a338 HUB
082 _a338 HUB
100 _a54
101 _aMEN
245 _aIntroduction to business information systems
_cHuber,M.W
942 _2udc
_cBK
999 _c42499
_d42499